| 000 | 00000nam##2200000za#4500 |
| 001 | 9.698397 |
| 003 | CaOODSP |
| 005 | 20210624235917 |
| 007 | cr ||||||||||| |
| 008 | 150407|2007||||xxc|||||o f|0| 0 eng|d |
| 040 | |aCaOODSP|beng |
| 043 | |an-cn--- |
| 086 | 1 |aT48-49/2007E-PDF |
| 110 | 1 |aCanada. |bTransport Canada. |
| 245 | 10|aProceedings of the Canadian Railway Research Symposium, 28-29 November 2007, Toronto, Ontario / |h[electronic resource]|c[prepared by] the Railway Research Advisory Board. |
| 260 | |aMontreal - Quebec : |bTransport Canada |cNovember 2007. |
| 300 | |a56p.|bgraphs, tables |
| 590 | |a14-03-Supp|b2014-01-17 |
| 690 | 07|aRail transport industry|2gcpds |
| 690 | 07|aTransport policy|2gcpds |
| 775 | 08|tCompte rendu du symposium sur la recherche canadienne en transport ferroviaire, 28-29 novembre 2007, Toronto, Ontario / |w(CaOODSP)9.642699 |
| 856 | 40|ahttp://publications.gc.ca|qPDF|s219 KB|uhttps://publications.gc.ca/collections/collection_2013/tc/T48-49-2007-eng.pdf |
| 986 | |aTP 14818E |